00353nam a22001217a 4500020001800000040000900018082001500027100002500042110004100067245003800108260004100146650004400187 a9788131512555 cNUST a620.11 ASK aAskeland, Donald R.  aFulay, Pradeep P. Bhattacharya, D.K. aMaterials Science and Engineering aNew Dehli:bCengage Learning,c2010. aMaterials Science.Materials Engineering